书目信息 |
| 书名: | Case = | |
| 作者: | Barry J. Blake | |
| 分册号: | ||
| 分册名: | 出版地: | Beijing : |
|
| 出版社: | Peking University Press | |
| 出版时间: | 2005. | |
| 页数: | xx, 227 p. : | |
| 开本: | 24 cm. | |
| 丛书名: | Cambridge textbooks in linguistics | |
| 中图分类号: | ||
| 科图分类号: | ||
| 其他分类号: | H04 | |
| 主题词: | ||
| 电子资源: | ||
| 000 | 01247nam 2200361 a 4500 | |
| 001 | E0738003139 | |
| 004 | 001192435 | |
| 004 | 001192435 | |
| 005 | 20070702103601.51 | |
| 008 | 4001uueng0000000 | |
| 008 | 4001uueng0000000 | |
| 008 | 001 0 eng | |
| 010 | @a2001025733 | |
| 020 | @a7301080050 :@cCNY26.00. | |
| 040 | @aCcBjTSG @bchi | |
| 041 | @aeng@bchi | |
| 050 | 00 | @aP240.6 @b.B57 2001 |
| 082 | 00 | @a415 @221 |
| 090 | @aH04 | |
| 099 | @dH04@ex104 | |
| 100 | 1 | @aBlake, Barry J. |
| 245 | 10 | @aCase = :@b格范畴 / @cBarry J. Blake |
| 246 | 31 | @a格范畴 |
| 250 | @a影印版. | |
| 260 | @aBeijing :@bPeking University Press,@c2005. | |
| 300 | @axx, 227 p. :@bill. ;@c24 cm. | |
| 440 | 0 | @aCambridge textbooks in linguistics |
| 504 | @aIncludes bibliographical references (p. 208-218) and indexes. | |
| 534 | @pReprint. Originally published: @cCambridge : Cambridge University Press, 2001, @b2nd ed. @z0521807611. | |
| 650 | 0 | @aGrammar, Comparative and general @xCase. @b01 @c20050705 @lNLC09 @h1639 @b01 @c20050705 @lNLC09 @h1640 @b40 @c20050711 @lNLC09 @h1804 @b40 @c20050718 @lNLC09 @h1541 |
| 700 | @aBlake,Barry J. | |
| 852 | 0 | @bWWDY @k2-2005 @hH04 @iB636 |
| 852 | 0 | @bWWJC @cJ09 @k2-2005 @hH04 @iB636 |
| Case = : : 格范畴 / / Barry J. Blake.-影印版.-Beijing : : Peking University Press, , 2005. |
| xx, 227 p. : : ill. ; ; 24 cm.- (Cambridge textbooks in linguistics ) |
| Includes bibliographical references (p. 208-218) and indexes. |
| ISBN 7301080050 :CNY26.00. |
| ● |
| 相关链接 |
|
|
|
|
正题名:Case =
索取号:H04/x104
 
预约/预借
| 序号 | 登录号 | 条形码 | 馆藏地/架位号 | 状态 | 备注 |
| 1 | 12003 | 300120036 | 第二样本阅览室/ [索取号:H04/x104] | 在馆 | |
| 2 | 12004 | 300120045 | 第四借阅区/ [索取号:H04/x104] | 在馆 | |
| 3 | 12005 | 300120054 | 第四借阅区/ [索取号:H04/x104] | 在馆 | |
| 4 | 12006 | 300120063 | 第四借阅区/ [索取号:H04/x104] | 在馆 | |
| 5 | 12007 | 300120072 | 第四借阅区/ [索取号:H04/x104] | 在馆 | |
| 6 | 12008 | 300120081 | 第四借阅区/ [索取号:H04/x104] | 在馆 | |
| 7 | 12009 | 300120090 | 第四借阅区/ [索取号:H04/x104] | 在馆 | |
| 8 | 12010 | 300120107 | 第四借阅区/ [索取号:H04/x104] | 在馆 |